[Event "Wch U12 rapid"]
[Site "Minsk"]
[Date "2019.08.16"]
[Round "4"]
[White "Krivenko, Dmitry"]
[Black "Cherniaiev, Tykhon"]
[Result "0-1"]
[WhiteElo "1940"]
[BlackElo "2112"]
[PlyCount "116"]
[EventDate "2019.08.16"]
[EventType "swiss (rapid)"]
[EventRounds "9"]
[EventCountry "BLR"]
[SourceTitle "CBM 191 Extra"]
[Source "ChessBase"]
[SourceDate "2019.09.30"]
[SourceVersion "1"]
[SourceVersionDate "2019.09.30"]
[SourceQuality "1"]

1. d4 d5 2. c4 dxc4 3. Nf3 Nf6 4. g3 e6 5. Bg2 Be7 6. 0-0 0-0 7. Na3 c5 8. Nxc4 Nc6 9. dxc5 Bxc5 10. Bg5 Qe7 11. Nfe5 Nxe5 12. Nxe5 h6 13. Bxf6 Qxf6 14. Nc4 Rb8 15. Qb3 b6 16. Nd2 Be7 17. Rac1 Ba6 18. Bf3 Rfc8 19. Rxc8+ Bxc8 20. Rc1 Qd4 21. Qc3 Qxc3 22. Rxc3 Bb4 23. Rc2 Ba6 24. Nb3 Rc8 25. Rxc8+ Bxc8 26. Nd4 a5 27. Nc6 Bf8 28. Ne5 Bd6 29. Nc4 Bc5 30. a3 Ba6 31. Nd2 f5 32. e4 Kf7 33. exf5 exf5 34. Bd5+ Kf6 35. Nc4 g5 36. Kg2 a4 37. f4 Bd4 38. Kf3 b5 39. Nd2 Bxb2 40. Nb1 Bc1 41. h4 g4+ 42. Kf2 Ke7 43. Bc6 Kd6 44. Be8 Bb2 45. Ke3 Kc5 46. Bf7 Bd4+ 47. Ke2 b4+ 48. Ke1 b3 49. Be6 Bd3 50. Nd2 b2 51. Kd1 b1Q+ 52. Nxb1 Bxb1 53. h5 Bb2 54. Kd2 Bxa3 55. Bf7 Bb4+ 56. Kc1 Be4 57. Kb2 a3+ 58. Ka1 Bd5 0-1